| 000 | 00887pam a22002895a 4500 | ||
|---|---|---|---|
| 001 | 749541 | ||
| 005 | 20200421093820.0 | ||
| 008 | 980916r19981996enk 000 1 eng | ||
| 015 | _aGB98-55188 | ||
| 016 | 7 |
_a0140272380 _2Uk |
|
| 020 |
_a0140272380 (pbk.) : _c£8.99 |
||
| 035 | _a(Uk)gb 98055188 | ||
| 040 |
_aIeDuTC _cIeDuTC _dUk |
||
| 041 | 1 |
_aeng _hdut |
|
| 082 | 0 | 4 |
_a839.31364 _221 |
| 100 | 1 |
_aMulisch, Harry, _d1927- _9275 |
|
| 240 | 1 | 0 |
_aOntdekking van de hemel. _lEnglish |
| 245 | 1 | 4 |
_aThe discovery of heaven : _ba novel / _c[Harry Mulisch]. |
| 260 |
_aLondon : _bPenguin, _c1998, c1996. |
||
| 263 | _a9802 | ||
| 300 |
_a730 p. ; _c20 cm. |
||
| 500 | _aThis translation originally published: London : Viking, 1996. Original Dutch ed.: 1992. | ||
| 546 | _aTranslation of: De ontdekking van de hemel. | ||
| 942 |
_2ddc _cBK |
||
| 956 | _aNLS | ||
| 999 |
_c151 _d151 |
||